000 01313nam a2200229Ia 4500
003 Ost
005 20260507075615.0
008 260507s9999||||xx |||||||||||||| ||und||
020 _a9789961019122
040 _cfsecg
041 _aara
082 _a332.42042
100 _a الموسوي، ضياء مجيد
_eمؤلف
245 0 _aتقلبات أسعار الصرف /
_c ضياء مجيد الموسوي
260 _aالجزائر:
_bديوان المطبوعات الجامعية,
_c2016
300 _a118 صفحة؛
_bإيضاحات ؛
_c22 سم
504 _aالمراجع ص.112
520 _aتناول هذا الكتاب تقلبات أسعار الصرف من خلال سبعة فصول تحدث فيها عن تكافؤ القوة الشرائية مقابل السوق، لماذا أسعار صرف حقيقية، أي المعدلة بنسبة التضخم، وعن سعر الصرف والسياسة النقدية، والعملة الموحدة لتجنب المنافسة في أسعار الصرف وأنظمتها ، ولماذا اتجهت الدول الى تبني نظم صرف مرنة، وأخيرا صندوق لنقد الدولي في تحيد أسعار الصرف.
653 _aأسعار الصرف
653 _aالبنوك - الجزائر
942 _cكتاب
999 _c45107
_d45107